000 00446nam a2200181Ia 4500
005 20240823043338.0
008 240823s9999||||xx |||||||||||||| ||und||
041 _aENGLISH
082 _A658.4034 N2
100 _aKanti Swarup [et al]
245 0 _aOperation Research
250 _a7th
260 _c1992
_b"S Chand,New Delhi"
500 _aTRANSFERED
650 _aOperation Research
_bManagement Studies
942 _cBK
999 _c210016
_d210016